| 000 | 00744nam a22002658i 4500 | ||
|---|---|---|---|
| 999 |
_c2535 _d2535 |
||
| 001 | 018163296 | ||
| 003 | Uk | ||
| 005 | 20230712082934.0 | ||
| 008 | 161101s2017 enk j 000|0|eng|d | ||
| 020 | _a9780008191573 | ||
| 040 |
_aStDuBDS _beng _cStDuBDS _erda _dKH8 |
||
| 082 | 0 | 4 | _a570 KEA |
| 100 | 1 |
_aKearsey, Sue, _eauthor. |
|
| 245 | 1 | 0 |
_aCambridge IGCSE co-ordinated sciences biology : _bstudent book / _cSue Kearsey. |
| 263 | _a201703 | ||
| 264 | 1 |
_aLondon : _bCollins, _c2017. |
|
| 300 |
_a350 pages ; _c27 cm |
||
| 336 |
_atext _2rdacontent |
||
| 337 |
_aunmediated _2rdamedia |
||
| 338 |
_avolume _2rdacarrier |
||
| 500 | _aIncludes index | ||
| 650 | 0 | _aBiology. | |
| 650 | 0 |
_aBiology _vProblems, exercises, etc. |
|
| 942 |
_2ddc _cTR |
||